| 000 | 00847nam a2200193Ia 4500 | ||
|---|---|---|---|
| 003 | Ost | ||
| 005 | 20260507075122.0 | ||
| 008 | 260507s9999||||xx |||||||||||||| ||und|| | ||
| 040 | _cfsecg | ||
| 041 | _aara | ||
| 082 | _a330 | ||
| 100 |
_aنور سرية، عصام _eمؤلف |
||
| 245 | 0 |
_aدول العالم النامية وتحديات القرن الحادي والعشرين / _c عصام نور سرية |
|
| 260 |
_aالإسكندرية: _bمؤسسة شباب الجامعة, _c2006 |
||
| 300 |
_a105 صفحة؛ _c24 سم |
||
| 520 | _aالتحديات التي تواجه العالم الثالث-ركائز التقدم الشامل في العالم الثالث-أثر التكنولوجيا على العالم النامي-النظام العالمي الجديد | ||
| 653 | _aالعالم النامي | ||
| 942 | _cكتاب | ||
| 999 |
_c43090 _d43090 |
||